| 000 | 02324cam a22005654i 4500 | ||
|---|---|---|---|
| 003 | PE-LiUPU | ||
| 005 | 20250731173038.0 | ||
| 008 | 080214s2008 kyua rb 001 0 eng | ||
| 020 | _a066423030X | ||
| 020 | _a9780664230302 | ||
| 035 | _a(Sirsi) i9780664230302 | ||
| 035 | _a(OCoLC)196303211 | ||
| 040 |
_aDLC _bspa _cDLC _dBAKER _dBTCTA _dYDXCP _dUKM _dC#P _dBWX _dCDX _dKAT _dEUM _dOCLCQ _dBDX _dOUP _dOCLCQ _dOCLCF _dP4I _dOCLCQ _dOCLCO _dZCU _dOCLCA _dCFT _dOCLCQ _dUEJ _dPE-LiUPU _erda |
||
| 049 | _aPRUA | ||
| 050 | 0 | 0 |
_aBS1140.3 _b.I58 2008 |
| 082 | 0 | 0 |
_a221.61 _bG77 _222 |
| 100 | 1 |
_aGravett, Sandra L., _eautor. |
|
| 245 | 1 | 3 |
_aAn introduction to the Hebrew Bible : _ba thematic approach / _cSandra L. Gravett [y otros 3]. |
| 250 | _a1st ed. | ||
| 264 | 1 |
_aLouisville : _bWestminster John Knox Press, _c2008. |
|
| 300 |
_axvii, 486 páginas : _bilustraciones ; _c24 centímetros |
||
| 336 |
_atext _2rdacontent |
||
| 337 |
_aunmediated _2rdamedia |
||
| 338 |
_avolume _2rdacarrier |
||
| 504 | _aBibliografía al final de cada tema. | ||
| 504 | _aÍndice : páginas 469-486. | ||
| 505 | 0 | _aSpace and Time -- Reading the Hebrew Bible -- Introducing Identity -- Family -- Gender -- The Body -- Ethnicity -- Class -- Introducing Power -- The State -- Ideology -- Media -- Deity -- Considering Job. | |
| 526 | _aSEG42 | ||
| 526 | _aSEG41 | ||
| 526 | _aSEG40 | ||
| 526 | _aSEG39 | ||
| 526 | _aP94 | ||
| 526 | _aP87 | ||
| 526 | _aP86 | ||
| 526 | _aP85 | ||
| 526 | _aP77 | ||
| 526 | _aP76 | ||
| 526 | _aP35 | ||
| 630 | 4 |
_aBiblia. _pAntiguo Testamento _vIntroducción. |
|
| 630 | 0 | 7 |
_aBible. _pOld Testament. _2fast _0(OCoLC)fst01808092 |
| 655 | 7 |
_aIntroductions. _2fast _0(OCoLC)fst01423833 |
|
| 856 | 4 | 1 |
_3Tabla de contenido _uhttp://catdir.loc.gov/catdir/toc/ecip0811/2008006091.html |
| 910 |
_adbm _bebj _cebj _d20171214 |
||
| 942 |
_2ddc _cBOOK |
||
| 949 |
_a221.61 G77 _wDEWEY _c1 _i77567 _lCATALOGING _mBUL _p22.50 _r0 _sY _tBOOK _u2017-12-14 _xPOSGRADO _PP85 _0DONACION _o.STAFF. Colección Teología. |
||
| 994 |
_aC0 _bPEPRU |
||
| 596 | _a1 | ||
| 999 |
_a221.61 G77 _wDEWEY _c26200 _i77567 _d26200 _f2021-11-9 _g4 _lCCODEBUL1 _mBUL _p22.50 _q2 _r0 _sY _tBOOK _u2017-12-14 _xTEOLOGIA _PP85 _0COMPRA _o.STAFF. Colección Teología. |
||
| 980 |
_81 _gALBERTO SANCHEZ Responsable de Automatización |
||